People of the Vietnam War - Statistics

General Stats
  • This quiz has been taken 337 times
    86 since last reset
  • The average score is 9 of 18
Answer Stats
Hint Person % Correct
President of North Vietnam from 1945 to 1969 Ho Chi Minh
97%
President of the United States (1961-1963) John F. Kennedy
90%
President of the United States (1963-1969) Lyndon B. Johnson
87%
President of the United States (1969-1974) Richard Nixon
85%
President of the United States during the Fall of Saigon Gerald Ford
68%
American POW (1967-1973) who later became a senator John McCain
52%
National Security Advisor (1969-1975) Henry Kissinger
43%
Actress who controversially visited Hanoi Jane Fonda
43%
Secretary of Defense (1961-1968) Robert McNamara
43%
President of South Vietnam (1955–1963) Ngo Dinh Diem
37%
President of South Vietnam (1967-1975) Nguyen Van Thieu
32%
Buddhist monk who self-immolated in protest Thich Quang {Duc}
30%
Prime minister of South Vietnam (1965-1967) Nguyen Cao Ky
27%
Commander of US forces (1964-1968) William Westmoreland
27%
The top decision-maker in North Vietnam during the war Le {Duan}
25%
General and military mastermind of North Vietnam Vo Nguyen Giap
25%
Christian minister who famously opposed the war in 1967 Martin Luther King Jr.
23%
Paris Peace Accords negotiator who declined Nobel Peace Prize Le Duc {Tho}
20%
No matching quizzes found
Score Distribution
Percent of People with Each Score
Percentile by Number Answered
Your Score History
You have not taken this quiz since the last reset